000 00426nam a2200169Ia 4500
003 GCL
008 140319s9999 xx 000 0 eng d
040 _aGCL /
_cGCL
082 0 4 _aCC
_b493
_bG E
100 1 _aGARDINER, ALAN
245 1 0 _aEGYPTIAN GRAMMAR /
_cGARDINER, ALAN
260 _a[S.N] :
_bGRIGGITH INSTITUTE ،
_c1950
300 _a646
650 0 4 _aHIEROGLYPHIC
650 0 4 _aEGYPTIAN LANGUAGE
942 _2ddc
_cBK
999 _c20504
_d20504